| Tag |
First Indicator |
Second Indicator |
Subfields |
| LEADER |
00000cam a2200000 4500 |
| 001 |
in00000193521 |
| 005 |
20151009051512.0 |
| 008 |
761016s1970 nyua 00000 eng d |
| 010 |
|
|
|a 75087894
|
| 035 |
|
|
|a (OCoLC)02506952
|
| 035 |
|
|
|9 AAV6103AM
|
| 040 |
|
|
|a DLC
|c OHI
|d TXA
|d UtOrBLW
|
| 049 |
|
|
|a TXAM
|c [531769]
|
| 050 |
|
0 |
|a N85
|b .P36
|
| 082 |
0 |
|
|a 707
|
| 100 |
1 |
|
|a Pappas, George,
|d 1929-
|
| 245 |
1 |
0 |
|a Concepts in art and education ;
|b an anthology of current issues.
|
| 264 |
|
1 |
|a [New York] :
|b Macmillan,
|c [1970]
|
| 300 |
|
|
|a xiii, 273 pages :
|b illustrations ;
|c 24 cm.
|
| 336 |
|
|
|a text
|b txt
|2 rdacontent
|
| 337 |
|
|
|a unmediated
|b n
|2 rdamedia
|
| 338 |
|
|
|a volume
|b nc
|2 rdacarrier
|
| 504 |
|
|
|a Includes bibliographical references.
|
| 650 |
|
0 |
|a Art
|x Study and teaching.
|
| 999 |
|
|
|a MARS
|
| 999 |
f |
f |
|s cf2f98ec-c7b0-3213-a46f-6d418fbd2176
|i 35bed8f7-ed04-30d9-8dcc-542e838730f5
|t 0
|
| 952 |
f |
f |
|p ric
|a Texas A&M University
|b Rellis Campus
|c Joint Library Facility
|d Remote Storage
|t 0
|e N85 .P36
|h Library of Congress classification
|i unmediated -- volume
|m A14803378043
|
| 998 |
f |
f |
|a N85 .P36
|t 0
|l Remote Storage
|